Statistiques concernant Personnages célèbres - Série 50

Cliquez ici pour prendre le quiz!

Statistiques générales

  • Ce quiz a été pris 75 fois
  • Le résultat moyen est 5 sur 15

Statistiques - réponses

Réponse% Correct
Edouard Philippe
86%
Eric Antoine
63%
Philippe Geluck
51%
Bill Gates
49%
Serge Dassault
40%
Chris Marques
40%
Jean-Marc Généreux
27%
François Cavanna
27%
Alain Madelin
21%
Gérard Majax
20%
Maurice Béjart
19%
Corinne Lepage
16%
Pierre Laval
7%
Albert Uderzo
7%
Pierre Mendès-France
4%

Distribution des résultats

Percentile par nombre de réponses

% des personnes avec chaque résultat

Votre développement - résultats

Vous n’avez pas pris ce quiz